Welcome to the Holygrace Academy Library

Please use search bar below to get started

STORIES OF KING ARTHUR'S KNIGHTS (Record no. 7309)

MARC details
000 -LEADER
fixed length control field 00290nam a22001217a 4500
082 ## - DEWEY DECIMAL CLASSIFICATION NUMBER
Classification number 823
Item number LOU/S
100 ## - MAIN ENTRY--AUTHOR NAME
Personal name CHISHDN, LOUCY
245 ## - TITLE STATEMENT
Title STORIES OF KING ARTHUR'S KNIGHTS
260 ## - PUBLICATION, DISTRIBUTION, ETC. (IMPRINT)
Place of publication LONDON
Name of publisher THOMAS NELSON & SONS
300 ## - PHYSICAL DESCRIPTION
Number of Pages 119
650 ## - SUBJECT ADDED ENTRY--TOPICAL TERM
Topical Term ENGLISH STORY
Geographic subdivision UNITED KINGDOM
942 ## - ADDED ENTRY ELEMENTS (KOHA)
Koha item type Books
Holdings
Withdrawn status Lost status Collection code Home library Current library Date acquired Source of acquisition Full call number Accession Number Koha item type
Withdrawn Damaged Item Fiction Main Library Main Library 15/05/2004 purchase 823 LOU/S 00269 Books